000 00987nam a2200241 4500
001 114287
003 ES-MaACL
005 20250930063115.0
007 t|
008 061121s1947 mx r ||||1| spa d
100 0 _aOrtiz, Fernando,
_d1881-1969
_987554
245 1 3 _aEl huracán
_b: su mitología y sus símbolos /
_cFernando Ortiz.
250 _a1ª. ed.
260 _aMéxico :
_bFondo de Cultura Económica,
_c1947.
300 _a686 p. :
_bil. ;
_c24 cm.
510 _aCCPB,
_c001317354-5
650 0 4 _aTormentas.
_917563
852 _aES-MaACL
_jD-6614
_bR.30423
_bR.M.6203
_9118582
_cSVI
_fSello en tinta azul de la Biblioteca del Ateneo de Madrid
_gAnotación manuscrita en portada: "80/16"
_xEncuadernación holandesa de tela naranja
_zEn portada: "30. OCT. 1951"
942 _2udc
_cMONOGRAFIA
999 _c114287
_d114287